000 00600nam a22001817a 4500
003 OSt
005 20140310182024.0
008 130802t xxu||||| |||| 00| 0 eng d
050 _aZ 696
_b.C385 2007
082 _aTR 025.43107
_bC385 2007
100 _aCayaban, Enrique T.
_97273
245 _aUnderstanding the Dewey decimal classification for beginners /
_cEnrique T. Cayaban.
260 _aBayombong, Nueva Vizcaya : Philippines :
_bSMU Publishing House,
_c2007.
300 _avi. 106 p. ;
_bill. ;
_c27 cm.
650 _aClassification
_xDewey decimal
_97274
942 _2lcc
_cBK-TR
999 _c8439
_d8439